Ukazovatele produktivity

Ukazovatele produktivity podľa makroúrovne. Najdôležitejšie ukazovatele podľa priemyslovej makroúrovne. Význam merania produktivity v podniku. Produktivita na Slovensku a iných priemyselne vyspelých krajinách. Vývoj hospodárskych ukazovateľov v SR od r. 1989. Prorovnanie úrovne produktivity na zames...

ver descrição completa

Na minha lista:
Detalhes bibliográficos
Formato: Capítulo de Livro
Idioma:eslovaco
Assuntos:
Tags: Adicionar Tag
Sem tags, seja o primeiro a adicionar uma tag!

MARC

LEADER 00000naa a2200000 4500
001 r039941
005 20231002120924.2
041 0 |a slo 
044 |a SK 
245 1 0 |a Ukazovatele produktivity 
520 |a Ukazovatele produktivity podľa makroúrovne. Najdôležitejšie ukazovatele podľa priemyslovej makroúrovne. Význam merania produktivity v podniku. Produktivita na Slovensku a iných priemyselne vyspelých krajinách. Vývoj hospodárskych ukazovateľov v SR od r. 1989. Prorovnanie úrovne produktivity na zamestnanca v USA, SRN, Japonsku, V. Británii a na Slovensku. 
610 2 0 |a ukazovatele produktivity práce 
610 2 0 |a ukazovatele ekonomické 
610 2 0 |a rast produktivity práce 
610 2 0 |a indexy 
610 2 0 |a Slovensko 
610 2 0 |a krajiny vyspelé 
610 2 0 |a údaje štatistické